[Event "Reims/Rethel"]
[Site "?"]
[Date "2016.04.03"]
[Round "7"]
[White "Tassetti, Florent"]
[Black "Monceau, Etienne"]
[Result "1/2-1/2"]
[WhiteElo "1783"]
[BlackElo "1723"]
[PlyCount "94"]
[EventDate "2016.04.10"]
[SourceDate "2016.04.16"]

1. Nf3 d5 2. g3 c5 3. Bg2 Nc6 4. O-O e5 5. d3 Bd6 6. e4 dxe4 7. dxe4 Nge7 8.
Nbd2 O-O 9. Nc4 Bc7 10. c3 b6 11. Re1 Be6 12. Qe2 f6 13. Rd1 Qc8 14. Ne3 Rd8
15. Nd2 Qb7 16. b3 b5 17. Bb2 a5 18. Bf1 b4 19. Qb5 Qa7 20. Bc4 Bxc4 21. Qxc4+
Kf8 22. Qe2 bxc3 23. Bxc3 Nd4 24. Bxd4 cxd4 25. Nec4 Bb6 26. Nxb6 Qxb6 27. Nc4
Qa6 28. Qh5 h6 29. Qf3 Qe6 30. Qd3 Nc6 31. a3 Na7 32. Nxa5 Rdc8 33. Rdc1 Nc6
34. Rxc6 Rxc6 35. Nxc6 Qxc6 36. a4 Qc5 37. Ra2 Rc8 38. a5 Qb4 39. Kg2 Rc3 40.
Qa6 Qxb3 41. Qa8+ Kf7 42. Qd5+ Qxd5 43. exd5 Ke7 44. a6 Rc8 45. a7 Ra8 46. Ra6
Kd7 47. d6 Kc8 1/2-1/2

[Event "Reims/Rethel"]
[Site "?"]
[Date "2016.04.03"]
[Round "7"]
[White "Noizet, Regis"]
[Black "Magnier, Christophe"]
[Result "1/2-1/2"]
[WhiteElo "1621"]
[BlackElo "1780"]
[PlyCount "48"]
[EventDate "2016.04.10"]
[SourceDate "2016.04.16"]

1. d4 Nf6 2. c4 g6 3. Nc3 Bg7 4. e4 d6 5. f3 a5 6. Bd3 e5 7. d5 Na6 8. a3 Bd7
9. Nge2 h5 10. Be3 Ng8 11. Qd2 f6 12. Nb5 a4 13. Bc2 Nc5 14. Qb4 b6 15. Rd1 Bh6
16. Qc3 Bxe3 17. Qxe3 Nh6 18. Qf2 f5 19. Nec3 f4 20. h4 O-O 21. Rd2 Rf7 22. Qg1
Bxb5 23. Nxb5 Kh7 24. Qh2 Qf6 1/2-1/2

[Event "Reims/Rethel"]
[Site "?"]
[Date "2016.04.03"]
[Round "7"]
[White "Nawara, Abd El Kahim"]
[Black "Lambert, Alban"]
[Result "1/2-1/2"]
[WhiteElo "1722"]
[BlackElo "1594"]
[PlyCount "97"]
[EventDate "2016.04.10"]
[SourceDate "2016.04.16"]

1. d4 d5 2. Bf4 Nf6 3. Nf3 e6 4. e3 Bd6 5. Bg3 O-O 6. Bd3 c5 7. c3 Qc7 8. Nbd2
Bd7 9. Be5 Bxe5 10. dxe5 Ne4 11. Bxe4 dxe4 12. Nxe4 Bc6 13. Qc2 Nd7 14. O-O-O
Nxe5 15. h4 c4 16. Nxe5 Qxe5 17. Rd4 b5 18. f4 Bxe4 19. Qxe4 Qxe4 20. Rxe4 Rad8
21. Rd4 Rxd4 22. exd4 Rd8 23. Kd2 f6 24. Re1 Kf7 25. g4 Rd5 26. Ke3 h6 27. Rf1
g6 28. b3 cxb3 29. axb3 g5 30. fxg5 hxg5 31. c4 bxc4 32. bxc4 Ra5 33. hxg5 Rxg5
34. Ra1 Rxg4 35. Rxa7+ Kg6 36. c5 Kf5 37. Rd7 Rg3+ 38. Kd2 Ke4 39. c6 Rg8 40.
Kc3 f5 41. d5 exd5 42. Re7+ Kf3 43. Kd4 f4 44. Kxd5 Kg2 45. c7 f3 46. Rg7+ Rxg7
47. c8=Q f2 48. Qc1 f1=Q 49. Qb2+ 1/2-1/2

[Event "Reims/Rethel"]
[Site "?"]
[Date "2016.04.03"]
[Round "7"]
[White "Lhoest, Alain"]
[Black "Barat, Jacques"]
[Result "1/2-1/2"]
[WhiteElo "1615"]
[BlackElo "1757"]
[PlyCount "50"]
[EventDate "2016.04.10"]
[SourceDate "2016.04.16"]

1. e4 e5 2. Nf3 Nc6 3. Bb5 d6 4. d4 exd4 5. Qxd4 Bd7 6. Bxc6 Bxc6 7. Nc3 Nf6 8.
O-O Be7 9. Re1 O-O 10. Nd5 Nxd5 11. exd5 Bf6 12. Qd3 Bd7 13. Be3 Qc8 14. Nd4 a6
15. Rac1 c5 16. dxc6 bxc6 17. c3 Rb8 18. b4 Be5 19. f4 Bf6 20. Nf3 Rd8 21. Bd4
Bf5 22. Qd2 Bxd4+ 23. Nxd4 Bd7 24. Qf2 c5 25. Nb3 Be6 1/2-1/2

[Event "Reims/Rethel"]
[Site "?"]
[Date "2016.04.03"]
[Round "7"]
[White "François, Gwladys"]
[Black "Bohr, Frederic"]
[Result "1-0"]
[WhiteElo "1673"]
[BlackElo "1416"]
[PlyCount "69"]
[EventDate "2016.04.10"]
[SourceDate "2016.04.16"]

1. e4 e5 2. Nf3 Nf6 3. Nc3 Bb4 4. Nxe5 d6 5. Nf3 O-O 6. Bc4 Bxc3 7. dxc3 Nxe4
8. O-O Nc6 9. Re1 Nc5 10. Bg5 Qd7 11. Qd2 a6 12. a4 b6 13. b3 Bb7 14. Bd5 Rae8
15. h3 Ne5 16. Bxb7 c6 17. Nxe5 Qxb7 18. Nf3 Ne4 19. Qd3 c5 20. c4 Qc6 21. Bf4
Re6 22. Qd5 Qe8 23. Re3 h6 24. Nd2 Nxd2 25. Qxd2 Qe7 26. Rae1 Qf6 27. Bg3 Rfe8
28. Rxe6 Rxe6 29. Rxe6 Qxe6 30. Qxd6 Qe1+ 31. Kh2 Qe2 32. Qd8+ Kh7 33. Qd3+
Qxd3 34. cxd3 a5 35. Bc7 1-0

[Event "Chaumont/Rethel"]
[Site "?"]
[Date "2016.02.28"]
[Round "2"]
[White "Noizet, Régis"]
[Black "Masera, Michel"]
[Result "0-1"]
[WhiteElo "1628"]
[BlackElo "1835"]
[PlyCount "86"]
[EventDate "2016.??.??"]

1. d4 Nf6 2. c4 c5 3. d5 a6 4. a4 e6 5. Nc3 exd5 6. cxd5 d6 7. e4 g6 8. Bd3 Bg7
9. Nge2 O-O 10. Bg5 h6 ({Le coup le plus frÃ quent est:} 10... Nbd7 {
par exemple:} 11. Ng3 h6 12. Bf4 Re8 13. O-O Ne5 14. Be2 Bd7 15. h3 g5 {
(Jussupow - Kasparov, 1/2, 1980)}) 11. Bh4 Qa5 12. O-O Re8 13. Qc2 Qc7 14. Qd2
Nbd7 15. Rad1 (15. f3 $11) 15... c4 16. Bb1 Nc5 17. Bxf6 (17. f3 Nfd7 $15)
17... Bxf6 18. Qxh6 Qe7 {'?!'} (18... Bd7 $15) 19. Qc1 (19. Qe3 $11) 19... Bd7
20. Ng3 {'?'} (20. f4 $11) 20... Nxa4 {'?'} (20... Bxa4 $17) (20... b5 $5 $17)
21. f4 {'!'} Nxc3 22. bxc3 Bg4 23. Rd2 Kg7 {'?!'} (23... Bh4 $11) 24. h3 {'?!'}
(24. Rdf2 $14) 24... Bd7 25. Ne2 Rh8 26. Rf3 Rh7 27. Qf1 Rah8 {'?!'} (27... b5
$11) 28. f5 {'?'} (28. Ng3 $1 $14) 28... g5 29. g4 {'?'} (29. Rb2 b5 30. Qf2
$15) 29... Rh4 30. Nd4 Bxd4+ {'?!'} (30... b5 $17) 31. Rxd4 {'?!'} (31. cxd4
Qf6 $15) 31... f6 32. Rd2 R8h6 {'?'} (32... Qe5 33. Qg2 a5 $17) 33. Rh2 {'?!'}
(33. Kg2 $11) 33... Qe5 34. Qxc4 (34. Rh1 $1 Bb5 $11) 34... Rxg4+ {'!'} 35. Rg2
Rgh4 {'?'} (35... Rf4 $1 $17) 36. Qd3 {'?'} (36. Qc7 $1 Qe7 37. Rgg3 $11) 36...
Kf7 37. Rfg3 Qf4 38. Rd2 {'??'} (38. Rf2 Qc1+ 39. Rf1 Qa3 $17) 38... Bb5 39.
Qe3 Qf1+ 40. Kh2 Qxb1 41. Qb6 Rxh3+ {'!'} 42. Rxh3 Rxh3+ 43. Kxh3 Bf1+ 0-1

[Event "Chaumont/Rethel"]
[Site "?"]
[Date "2016.02.28"]
[Round "2"]
[White "Picard, Serge"]
[Black "Gerardin, David"]
[Result "1-0"]
[WhiteElo "2044"]
[BlackElo "1743"]
[PlyCount "93"]
[EventDate "2016.??.??"]
[SourceDate "2016.02.28"]

1. e4 c5 2. Nf3 d6 3. d4 cxd4 4. Qxd4 Nc6 5. Bb5 Bd7 6. Bxc6 Bxc6 7. Nc3 Nf6 8.
Bg5 h6 9. Bxf6 gxf6 10. O-O-O Qa5 11. Kb1 Rg8 12. Qe3 O-O-O 13. Nd4 Bd7 14. Nd5
Bc6 15. Nb3 Qa6 16. Rd4 Kb8 17. g3 Bxd5 18. Rxd5 Rg5 19. Rhd1 Rc8 20. h4 Rxd5
21. exd5 Qc4 22. c3 Qg4 23. Rd4 Qf5+ 24. Ka1 Qh5 25. a3 a6 26. Ka2 Qf5 27. g4
Qd7 28. Rb4 e5 29. Na5 Rc7 30. Nc6+ (30. Qb6 $3) 30... Rxc6 31. dxc6 Qxc6 32.
Qb6 Qxb6 33. Rxb6 Kc7 34. Rb3 d5 35. c4 dxc4 36. Rc3 Bc5 (36... b5 37. b3 Bc5
38. bxc4 Bxf2 39. cxb5+ Kb6 40. bxa6 Bxh4 41. a7 Kxa7 42. Rc7+ $18) 37. Rxc4
Kd6 38. f3 a5 39. a4 Bf2 40. h5 Bc5 41. b3 b6 42. Kb1 Ke6 43. Kc2 f5 44. b4 $3
axb4 45. gxf5+ (45. Rxc5 bxc5 46. a5 fxg4 47. fxg4 Kd7 48. a6 Kc7 49. g5 hxg5
50. h6 $18 {La meilleure variante de l'ordi}) 45... Kd5 (45... Kxf5 46. Rxc5
bxc5 47. a5 $18 {c'était mon analyse}) 46. Kb3 f6 47. Rg4 1-0

[Event "Chaumont/Rethel"]
[Site "?"]
[Date "2016.02.28"]
[Round "2"]
[White "Sohier, Renaud"]
[Black "Rapinel, Franck"]
[Result "0-1"]
[WhiteElo "2026"]
[BlackElo "2120"]
[PlyCount "54"]
[EventDate "2016.02.29"]
[SourceDate "2016.02.29"]

1. d4 d5 2. c4 e6 3. Nf3 c6 4. g3 dxc4 5. Bg2 b5 6. O-O Bb7 7. a4 Nf6 8. Ne5
Qc7 9. Nc3 a6 10. e4 Nbd7 11. Bf4 Nxe5 12. Bxe5 Qb6 13. axb5 cxb5 14. d5 Be7
15. Bh3 exd5 16. exd5 O-O 17. Re1 Rfd8 18. Bg2 Bc5 19. Qd2 Ng4 20. Qg5 Nxe5 21.
Qxe5 Bxf2+ 22. Kh1 Bxe1 23. Rxe1 b4 24. Ne4 Bxd5 25. Qe7 h6 26. g4 Re8 27. Qd7
Qc6 0-1

[Event "Chaumont/Rethel"]
[Site "?"]
[Date "2016.02.28"]
[Round "2"]
[White "Parisot, Anthony"]
[Black "Lambert, Alban"]
[Result "1-0"]
[WhiteElo "1829"]
[BlackElo "1627"]
[PlyCount "73"]
[EventDate "2016.02.29"]
[SourceDate "2016.02.29"]

1. Nf3 c5 2. g3 d5 3. Bg2 Nf6 4. O-O Nc6 5. d4 cxd4 6. Nxd4 e5 7. Nxc6 bxc6 8.
c4 Bb7 9. Qa4 Qd7 10. Rd1 Be7 11. Nc3 d4 12. e3 d3 13. b3 O-O 14. Bb2 Rfd8 15.
Ne4 Qc7 16. Nxf6+ Bxf6 17. c5 Be7 18. Rac1 Rd7 19. Qe4 Qa5 20. a4 d2 21. Rc2
Rad8 22. Bf1 f6 23. Ba3 Ba6 24. Bb4 Bxf1 25. Bxa5 Bd3 26. Qxc6 Bxc2 27. Bxd8
Rxd8 28. Rxd2 $5 (28. Qc7 Bxd1 29. Qxe7 Rf8 30. Qd7 Bxb3 31. Qxd2 Be6 $18)
28... Rxd2 29. b4 Kf7 30. b5 f5 31. Kf1 $4 Bxa4 $4 (31... Be4 32. Qc7 Bf3 33.
Qa5 Rd1+ 34. Qe1 Bxc5) 32. Ke1 Rb2 33. Qc7 $6 (33. Qd5+ Kf6 34. f4) 33... Bxb5
(33... Rb1+ 34. Kd2 Rd1+ 35. Ke2 Rd5) 34. Qxe5 Re2+ 35. Kd1 Rxf2 36. Qd5+ Kg6
37. Qe6+ 1-0

[Event "Chaumont/Rethel"]
[Site "?"]
[Date "2016.02.28"]
[Round "2"]
[White "Lhoest, Alain"]
[Black "Da Costa, Manuel"]
[Result "0-1"]
[WhiteElo "1598"]
[BlackElo "1887"]
[PlyCount "92"]
[EventDate "2016.02.29"]
[SourceDate "2016.02.29"]

1. e4 d6 2. d4 Nf6 3. Nc3 g6 4. f4 Bg7 5. e5 dxe5 6. fxe5 Nd5 7. Bc4 Nxc3 8.
bxc3 O-O 9. Rb1 c6 10. a4 Qa5 11. Rb4 c5 12. dxc5 Bxe5 13. Bd2 Qxc5 14. Qe2 Nc6
(14... Bxh2) 15. Rb5 Qd6 16. Nf3 Bg7 17. O-O e6 18. g3 a6 19. Rbb1 Na5 20. Bb3
Qc5+ 21. Qf2 Qxf2+ 22. Rxf2 Nc6 23. Rbf1 h6 24. h4 Bd7 25. Kg2 Rac8 26. Re2
Rcd8 27. Kh2 Kh7 28. Be1 Bc8 29. Ref2 f5 30. Re2 e5 31. Nd2 e4 32. Nc4 b5 33.
axb5 axb5 34. Nb6 Bb7 35. Nd5 Ne5 36. Nf4 Nf3+ 37. Rxf3 exf3 38. Re7 Bc8 39.
Bd5 Rfe8 40. Rxe8 Rxe8 41. Bf2 Bxc3 42. Bxf3 Rd8 43. Nd3 Be6 44. Bc6 Bc4 45.
Be3 Bxd3 46. cxd3 Rxd3 0-1

[Event "Chaumont/Rethel"]
[Site "?"]
[Date "2016.02.28"]
[Round "2"]
[White "Kerlau, Gildas"]
[Black "Robert, Emmanuel"]
[Result "1-0"]
[WhiteElo "1777"]
[BlackElo "1590"]
[PlyCount "69"]
[EventDate "2016.02.29"]
[SourceDate "2016.02.29"]

1. d4 d5 2. c4 e5 3. dxe5 d4 4. Nf3 c5 5. g3 Nc6 6. Bg2 Bf5 7. O-O f6 8. exf6
Nxf6 9. a3 Bd6 10. b4 b6 11. b5 Ne7 12. Nbd2 Qc7 13. Nh4 (13. Nxd4) 13... Rd8
14. Nxf5 Nxf5 15. Qc2 Ne7 16. Ne4 O-O 17. Nxd6 (17. Ng5 Qc8 18. Bh3) 17... Qxd6
18. Bf4 Qd7 19. a4 Ng6 20. Bg5 Qg4 21. Bxf6 Rxf6 22. a5 h5 23. axb6 axb6 24.
Ra7 h4 25. Qe4 Qg5 26. Ra8 Rxa8 27. Qxa8+ Kh7 28. Bd5 hxg3 29. hxg3 Rf8 30. Qb7
Rf6 31. Be4 Kh6 32. Qc8 Kh7 33. Kg2 Qh6 34. Rh1 Rxf2+ 35. Kxf2 1-0

[Event "Chaumont/Rethel"]
[Site "?"]
[Date "2016.02.28"]
[Round "2"]
[White "Bohr, Frederic"]
[Black "Lehmann, Kevin"]
[Result "1/2-1/2"]
[WhiteElo "1416"]
[BlackElo "350"]
[PlyCount "96"]
[EventDate "2016.02.29"]
[SourceDate "2016.02.29"]

1. e4 e5 2. Nf3 d6 3. d4 exd4 4. Nxd4 Nf6 5. Nc3 g6 6. Bc4 Bg7 7. O-O O-O 8.
Bg5 c6 9. Qd2 Nbd7 10. Nf3 Qc7 11. Rad1 Nb6 12. Bb3 d5 13. Rfe1 Nxe4 14. Nxe4
dxe4 15. Rxe4 Bf5 16. Re7 Qc8 17. Qd6 Nd5 18. Bxd5 cxd5 19. Qxd5 Qxc2 20. Rde1
Qxb2 21. Ne5 Bxe5 22. R7xe5 Qb6 23. Bh6 Rfd8 $4 24. Qc4 $4 (24. Re7 Qf6 (24...
Be6 25. Qe5) 25. Qxd8+ Rxd8 26. Re8+ Rxe8 27. Rxe8#) 24... Qc6 25. Qe2 Bd7 26.
Qb2 f6 27. Re7 $4 (27. Qb3+ Kh8 28. Qf7) 27... Rac8 28. Rg7+ Kh8 29. h3 $4 (29.
Ree7) 29... Re8 30. Rd1 Rc7 31. Rf7 Bf5 32. Rxf6 Qc3 33. Qxc3 Rxc3 34. Rf7 Bc8
35. Rd6 (35. Re7) 35... Rc6 36. Rxc6 bxc6 37. Rxa7 Kg8 38. Rg7+ Kh8 39. Rc7 Be6
40. Rxc6 Bxa2 41. Rf6 Kg8 42. g4 Bf7 43. f4 Re6 44. Rxe6 Bxe6 45. Kf2 Kf7 46.
Bg5 Bd7 47. Kg3 Ke6 48. Bd8 Be8 1/2-1/2

[Event "N4 E aubois 1 - TGV La Francheville"]
[Site "?"]
[Date "2016.03.20"]
[Round "2"]
[White "Guyot, Philippe"]
[Black "Belloy, Nicolas"]
[Result "1/2-1/2"]
[WhiteElo "1996"]
[BlackElo "1959"]
[PlyCount "110"]
[EventDate "2012.05.13"]
[SourceDate "2016.03.20"]

1. d4 d5 2. Nf3 Nf6 3. e3 Bf5 4. c4 c6 5. cxd5 cxd5 6. Qb3 Qc7 7. Bd2 e6 8.
Bb5+ Nbd7 9. Nc3 a6 10. Rc1 Qd8 11. Bxd7+ Nxd7 12. O-O Bd6 13. Nxd5 Be4 14. Nc3
Bxf3 15. gxf3 Qh4 16. f4 Qg4+ 17. Kh1 Qf3+ 18. Kg1 g5 19. Qd1 Qxd1 20. Rfxd1
gxf4 21. Ne4 Be7 22. Kh1 f5 23. Nc3 Nf6 24. h3 Kf7 25. Rg1 Rhg8 26. exf4 Rac8
27. Be3 Bb4 28. Rxg8 Kxg8 29. Ne2 Rxc1+ 30. Nxc1 Kf7 31. Nd3 Bd6 32. Kg2 Nd5
33. Bd2 Ke7 34. Kf3 Kf6 35. Ba5 b6 36. Bd2 Ke7 37. Kg3 Kf6 38. Kh4 Kg6 39. Kg3
Nf6 40. f3 Nd5 41. Kh4 Kh6 42. Kg3 Kh5 43. Kg2 a5 44. a3 Nc7 45. Kg3 Nb5 46.
Be3 Nc7 47. Bd2 Kg6 48. Kh4 Be7+ 49. Kg3 Bf6 50. Be3 Nd5 51. Bf2 Kh5 52. Bg1
Bg7 53. Bf2 Bf6 54. Kg2 h6 55. Kh2 Bh4 1/2-1/2

[Event "N4 E aubois 1 - TGV La Francheville"]
[Site "?"]
[Date "2016.03.20"]
[Round "2"]
[White "Roussel, Juien"]
[Black "Cauvin, Alain"]
[Result "1/2-1/2"]
[WhiteElo "1809"]
[BlackElo "1645"]
[PlyCount "128"]
[EventDate "2012.05.13"]
[SourceDate "2016.03.20"]

1. d4 d5 2. Nf3 c6 3. Bf4 Bf5 4. e3 e6 5. Bd3 Bxd3 6. Qxd3 Bd6 7. Bg3 Ne7 8.
Nbd2 Qc7 9. c4 Bxg3 10. hxg3 Ng6 11. Nh4 Nd7 12. Nxg6 fxg6 13. Rxh7 O-O-O 14.
Rxh8 Rxh8 15. O-O-O Rh6 16. Qa3 Kd8 17. Qxa7 Nf6 18. Nf3 Ne4 19. Qa8+ Qc8 20.
Qxc8+ Kxc8 21. Rf1 Kd7 22. cxd5 exd5 23. Nd2 Nf6 24. f3 Nh5 25. Rh1 Nxg3 26.
Rxh6 gxh6 27. Kd1 Nf5 28. Ke2 Ng3+ 29. Kf2 Nh1+ 30. Ke1 Ng3 31. Nf1 Nf5 32. Kf2
Nd6 33. Nd2 Ke6 34. Kg3 Nf5+ 35. Kf2 Nd6 36. Ke2 Kf5 37. Kd3 Kg5 38. Ke2 Kf5
39. Kf2 Ke6 40. Ke2 Kf5 41. Kd3 Kg5 42. e4 Kf4 43. e5 Nf5 44. g4 Ne7 45. Ke2 h5
46. gxh5 gxh5 47. Kf2 Nf5 48. Nb3 b6 49. a4 h4 50. Nc5 Nxd4 51. e6 Nf5 52. Nd7
d4 53. Nxb6 Nd6 54. a5 d3 55. a6 d2 56. Ke2 h3 57. a7 d1=Q+ 58. Kxd1 h2 59.
a8=Q h1=Q+ 60. Kc2 Qxf3 61. Qf8+ Nf5 62. e7 Qe4+ 63. Kb3 Qxe7 64. Qxe7 Nxe7
1/2-1/2

[Event "N4 E aubois 1 - TGV La Francheville"]
[Site "?"]
[Date "2016.03.20"]
[Round "2"]
[White "Carre, Cedric"]
[Black "Hascher, Nicolas"]
[Result "1-0"]
[WhiteElo "2076"]
[BlackElo "1978"]
[PlyCount "79"]
[EventDate "2012.05.13"]
[SourceDate "2016.03.20"]

1. d4 Nf6 2. Nc3 d5 3. Bg5 Ne4 4. Nxe4 dxe4 5. e3 g6 6. c3 Nc6 7. Bc4 Bg7 8.
Qc2 Na5 9. Be2 Qd5 10. Bf4 c5 11. c4 Qf5 12. g4 Qd7 13. d5 b5 14. Rd1 Nxc4 15.
b3 Nd6 16. Bxd6 exd6 17. Qxe4+ Kd8 18. Bf3 f5 19. gxf5 Qxf5 20. Qxf5 Bxf5 21.
Ne2 Be5 22. Bg2 a5 23. f4 Bg7 24. e4 Bg4 25. Rc1 a4 26. Nc3 axb3 27. axb3 b4
28. Nb5 Ra2 29. O-O Kd7 30. e5 dxe5 31. Rxc5 Rc8 32. Rfc1 Rxc5 33. Rxc5 Bf6 34.
Rc7+ Kd8 35. Rf7 Bh4 36. fxe5 Be2 37. Nd4 Ra1+ 38. Bf1 Bd3 39. Rf4 Bg5 40. Ne6+
1-0

[Event "N4 E aubois 1 - TGV La Francheville"]
[Site "?"]
[Date "2016.03.20"]
[Round "2"]
[White "Gallant, Aurelien"]
[Black "Belloy, Julien"]
[Result "1-0"]
[WhiteElo "2110"]
[BlackElo "2087"]
[PlyCount "61"]
[EventDate "2012.05.13"]
[SourceDate "2016.03.20"]

1. e4 c5 2. Nc3 e6 3. Nf3 Nc6 4. d4 cxd4 5. Nxd4 Qc7 6. Be2 a6 7. O-O b5 8. a3
Bb7 9. Kh1 Nf6 10. f4 Nxd4 11. Qxd4 Bc5 12. Qd3 O-O 13. Bf3 e5 14. f5 Rac8 15.
g4 Bd4 16. g5 Ne8 17. Bd2 Qc4 18. Rac1 Nd6 19. b3 Qxd3 20. cxd3 f6 21. gxf6
Rxf6 22. Ne2 Bb2 23. Rxc8+ Nxc8 24. a4 Rd6 25. d4 Bxd4 26. Bb4 Rf6 27. Nxd4
exd4 28. Rd1 Rh6 29. Rxd4 d5 30. Kg2 dxe4 31. Rd8+ 1-0

[Event "N4 E aubois 1 - TGV La Francheville"]
[Site "?"]
[Date "2016.03.20"]
[Round "2"]
[White "Brodier, Thierry"]
[Black "Brun, Franck"]
[Result "0-1"]
[WhiteElo "1675"]
[BlackElo "1831"]
[PlyCount "78"]
[EventDate "2012.05.13"]
[SourceDate "2016.03.20"]

1. d4 Nf6 2. Nf3 g6 3. Nc3 Bg7 4. e4 d6 5. Bc4 O-O 6. Be3 Nbd7 7. Qd2 a6 8.
O-O-O b5 9. Bxf7+ Rxf7 10. Ng5 Nb6 11. Nxf7 Kxf7 12. f3 Nc4 13. Qe2 Nxe3 14.
Qxe3 Bb7 15. Rhe1 e6 16. Qf4 Qf8 17. g4 Kg8 18. Qg3 Nd7 19. Ne2 Rc8 20. Nf4 Qe7
21. h4 c5 22. Ne2 c4 23. a3 a5 24. c3 d5 25. exd5 Bxd5 26. g5 b4 27. axb4 axb4
28. Nf4 Qd6 29. Qg4 Qa6 30. Nxd5 Qa1+ 31. Kd2 Qxb2+ 32. Ke3 exd5 33. Qxd7 Qxc3+
34. Ke2 Rf8 35. Qxd5+ Kh8 36. Rc1 Qd3+ 37. Kf2 Bxd4+ 38. Kg2 Qd2+ 39. Kg3 Bf2+
0-1

[Event "N4 E aubois 1 - TGV La Francheville"]
[Site "?"]
[Date "2016.03.20"]
[Round "2"]
[White "Regnier, Cedric"]
[Black "Guillame, Jean-francois"]
[Result "0-1"]
[WhiteElo "1587"]
[BlackElo "1806"]
[PlyCount "44"]
[EventDate "2012.05.13"]
[SourceDate "2016.03.20"]

1. d4 Nc6 2. Nf3 d6 3. e3 Nf6 4. b3 g6 5. Bb2 Bg7 6. a3 O-O 7. Bd3 Bg4 8. Nbd2
e5 9. h3 Bxf3 10. Qxf3 exd4 11. exd4 Re8+ 12. Kd1 d5 13. c3 a6 14. Kc2 Ne7 15.
h4 h5 16. Rae1 Rc8 17. Qh3 c5 18. dxc5 Rxc5 19. f3 d4 20. c4 Ned5 21. Bxd4 Nf4
22. Qg3 Qxd4 0-1

[Event "N4 E aubois 1 - TGV La Francheville"]
[Site "?"]
[Date "2016.03.20"]
[Round "2"]
[White "Caron, Antonin"]
[Black "Roussel, Jean-Marc"]
[Result "0-1"]
[WhiteElo "1316"]
[BlackElo "1702"]
[PlyCount "98"]
[EventDate "2012.05.13"]
[SourceDate "2016.03.20"]

1. e4 c5 2. Nf3 e6 3. Nc3 a6 4. g3 Qc7 5. d3 Nf6 6. Bf4 d6 7. Bg2 e5 8. Bg5
Nbd7 9. O-O h6 10. Be3 Be7 11. Ne2 b5 12. c3 Bb7 13. Qc2 O-O 14. Rad1 Rac8 15.
Rd2 b4 16. Rc1 Qa5 17. Qb1 Ng4 18. Bh3 Ndf6 19. Rcd1 Rcd8 20. Bxg4 Nxg4 21. d4
Nxe3 22. fxe3 f6 23. Nh4 Bc8 24. Rf1 Qb5 25. Qd3 Qxd3 26. Rxd3 Be6 27. d5 Bg4
28. Nc1 Rb8 29. Rd2 Rfc8 30. c4 Bf8 31. b3 Kh7 32. Rff2 Bd7 33. Ng2 a5 34. Nd3
Ra8 35. Rd1 a4 36. Rff1 Ra7 37. Nb2 axb3 38. axb3 Rca8 39. Ne1 Ra3 40. Rd3 Bg4
41. Rd2 Rxb3 42. Nbd3 Ra1 43. Nc2 Rxf1+ 44. Kxf1 Bh5 45. Kg2 Bg6 46. Nc1 Rb1
47. Ne2 Bxe4+ 48. Kf2 Rb2 49. Nc3 bxc3 0-1

[Event "N4 E aubois 1 - TGV La Francheville"]
[Site "?"]
[Date "2016.03.20"]
[Round "2"]
[White "Moine, Patrick"]
[Black "Wille, frederic"]
[Result "1/2-1/2"]
[WhiteElo "1806"]
[BlackElo "1569"]
[PlyCount "172"]
[EventDate "2012.05.13"]
[SourceDate "2016.03.20"]

1. d4 Nf6 2. c4 e6 3. Nc3 Bb4 4. Bd2 O-O 5. e3 Bxc3 6. Bxc3 Ne4 7. Bb4 Re8 8.
Nf3 b6 9. Bd3 Bb7 10. O-O d6 11. Nd2 Nxd2 12. Bxd2 c5 13. Qg4 Nd7 14. f3 Qe7
15. Rae1 Rad8 16. Qh3 Nf8 17. Bc3 d5 18. a3 dxc4 19. Bxc4 Qc7 20. Bb3 Ba6 21.
Rf2 Bd3 22. Rd1 c4 23. Bc2 Bxc2 24. Rxc2 b5 25. Rcd2 Ng6 26. Qg4 Qb6 27. Kf2 a5
28. Re2 b4 29. axb4 axb4 30. Be1 Ne5 31. Qe4 Nd3+ 32. Kf1 Rc8 33. Rc2 Qb5 34.
Kg1 Nxe1 35. Rxe1 c3 36. bxc3 Rxc3 37. Rxc3 bxc3 38. Qc2 Qb2 39. Rc1 Qxc2 40.
Rxc2 Rc8 41. Kf2 Kf8 42. Ke2 Ke7 43. Kd3 Kd6 44. Rxc3 Ra8 45. e4 Ra1 46. e5+
Kd7 47. Rc2 h6 48. g3 Rh1 49. f4 Ke7 50. Ke3 g6 51. Rd2 Kd7 52. Rc2 Re1+ 53.
Re2 Ra1 54. Rd2 Rh1 55. d5 exd5 56. Rxd5+ Ke7 57. h4 Ra1 58. Rd6 Re1+ 59. Kf2
Ra1 60. Rd2 Ke6 61. Rd6+ Ke7 62. Kf3 Rf1+ 63. Ke3 Rg1 64. Kf2 Ra1 65. f5 gxf5
66. Rf6 Ra5 67. Rxf5 Ke6 68. Rh5 f6 69. g4 Ra2+ 70. Ke3 Ra3+ 71. Kd2 Ra2+ 72.
Kc3 Rg2 73. exf6 Rxg4 74. Rxh6 Kf7 75. h5 Rf4 76. Rg6 Rxf6 77. Rg5 Rh6 78. Kd4
Kf6 79. Rc5 Kg7 80. Ke4 Rf6 81. Ke5 Rf1 82. Rc6 Rh1 83. Rg6+ Kh7 84. Rg5 Kh6
85. Rg6+ Kxh5 86. Rg8 Re1+ 1/2-1/2

[Event "N4 Blagny / Tour du Roy"]
[Site "?"]
[Date "2016.01.24"]
[Round "2.6"]
[White "Evrard, Jean Luc"]
[Black "Louis, Françoise"]
[Result "1-0"]
[WhiteElo "1655"]
[BlackElo "1399"]
[PlyCount "63"]
[EventDate "2016.01.24"]
[SourceDate "2016.01.24"]

1. e4 e5 2. Nf3 Nc6 3. d4 d5 4. dxe5 Qe7 5. exd5 Nxe5 6. Nxe5 Qxe5+ 7. Qe2 f6
8. Qxe5+ fxe5 9. Bb5+ {1 pion d'avance, plus de dame une partie tranquille
avec un Jean Luc trés sérieux} Bd7 10. Bxd7+ Kxd7 11. O-O b5 12. Re1 Nf6 13.
Rd1 Bd6 14. Nc3 a6 15. f3 g6 16. Bg5 Rhf8 17. Bxf6 Rxf6 18. Ne4 Re6 {
et là Françoise craque} 19. dxe6+ Kxe6 20. Rd3 Rd8 21. Rad1 h5 22. Kf1 a5 23.
Nc5+ Ke7 24. Nb7 Rd7 25. Nxa5 g5 26. Nb7 Ke8 27. Nxd6+ cxd6 28. Rxd6 Rxd6 29.
Rxd6 h4 30. Re6+ Kd8 31. Rxe5 b4 32. Rxg5 1-0

[Event "N4 Blagny / Tour du Roy"]
[Site "?"]
[Date "2016.01.24"]
[Round "2.7"]
[White "Louis, Vincent"]
[Black "Beaudiot, Alain"]
[Result "1/2-1/2"]
[WhiteElo "1380"]
[BlackElo "1569"]
[PlyCount "66"]
[EventDate "2016.01.24"]
[SourceDate "2016.01.24"]

1. e4 d5 2. exd5 Qxd5 3. Nc3 Qa5 4. Nf3 Nf6 5. Bc4 c6 6. O-O Bf5 7. d3 e6 8. a3
Nbd7 9. Bd2 Qc7 10. Ne2 Bd6 11. Ng3 Bg4 12. h3 Bxf3 13. Qxf3 Ne5 14. Qe2 Nxc4
15. dxc4 Bxg3 16. fxg3 Qxg3 {bon si Alain peu jouer une finale avec dame
cavalier cela peu être interressant ...} 17. Bf4 Qg6 18. Qd3 Rd8 19. Qxg6 hxg6
20. Bg5 Rh5 (20... Ke7 {
maintenait l'avantage car aprés l'échange c'est pratiquement nul}) 21. Bxf6
gxf6 22. Rxf6 Ke7 23. Raf1 Rf5 24. R6xf5 exf5 25. Rf2 Rd4 26. b3 Ke6 27. Re2+
Re4 28. Rd2 a5 29. a4 Re5 30. Kf2 b5 31. cxb5 cxb5 32. axb5 Rxb5 33. Kf3 g5 {
bon Vincent à bien joué le coup et le seul avantage d'Alain était sur le coup
Re7 mais cela aurait été dur quand même degagnercettepartie} 1/2-1/2

[Event "N4 Blagny / Tour du Roy"]
[Site "?"]
[Date "2016.01.24"]
[Round "2.8"]
[White "Romain, Adeline"]
[Black "Louis, Sophie"]
[Result "1-0"]
[WhiteElo "1568"]
[BlackElo "1370"]
[PlyCount "95"]
[EventDate "2016.01.24"]
[SourceDate "2016.01.24"]

1. d4 d5 2. Nf3 Nc6 3. e3 a6 4. Bd3 Nf6 5. O-O g6 6. Nbd2 Bh6 7. a3 Be6 8. b3
Qd7 9. Bb2 Bf5 10. Bxf5 Qxf5 11. c4 O-O-O 12. Rc1 Rhe8 13. Re1 e6 14. Qc2 Qh5
15. Ne5 (15. b4 dxc4 16. Nxc4) 15... Nxe5 16. dxe5 Ng4 17. h3 Nxe5 18. cxd5 {
Adeline est gagnante maintenant c'est une question de technique} Re7 19. d6 (
19. f4 {pour menacer FF6 et une qualitée} Bg7) 19... Rxd6 20. Bxe5 Rxd2 {
bonne réaction de Sophie} 21. Qxd2 Qxe5 22. Red1 Qh8 23. Rc4 Bg7 24. Qb4 Qe8
25. Qc5 (25. Rd6 {profite du clouage}) 25... b6 26. Qc6 (26. Qxb6 {
terminais rapidement la partie !!!} Rd7 27. Rd6) 26... Qxc6 27. Rxc6 Kb7 28.
Rc2 Bf8 29. a4 e5 30. Rcd2 f6 31. Rd7 Rxd7 32. Rxd7 h5 33. Rf7 Bd6 34. Rxf6 g5
35. Rg6 b5 36. axb5 axb5 37. Rxg5 Kb6 38. Rxh5 Kc5 39. Rh4 b4 40. Re4 Kd5 41.
f3 c5 42. h4 Bf8 43. g4 Be7 44. g5 Ke6 45. Kg2 Kf5 46. Kg3 Bd8 47. Rc4 Be7 48.
e4+ {Dommage Adeline m'a prévenue qu'elle arretait l'année prochaine ! plus
trop de motivation .... on perd encore une joueuse trés correct . Merci à elle
des longues années passé au club} 1-0